00596 a2200181 4500003000400000005001700004008004100021020001800062040000900080082001900089100002600108245003800134260003900172300000900211942004800220952012900268999001700397OSt20231229120007.0231229b |||||||| |||| 00| 0 eng d a9789355182289 coclc a891.433bSHA/P aSharma, Kshama910200 aPARANTHA BREAKUP /cKshama Sharma aNew Delhi:bVani Prakashan,c2022. a147p 2ddccBKh891.433i891.433k891.433m891.433 00102ddc40708FICaMESbMEScHINd2023-12-29l0o891.433 SHA/Pp43252r2023-12-29 11:58:24v399.00w2023-12-29yBKzGR7R3 c43618d43618